Central Library OPAC University of Rajshahi

Self mastery through conscious autosuggestion / (Record no. 67953)

MARC details
000 -LEADER
fixed length control field 00658cam a2200229 a 4500
001 - CONTROL NUMBER
control field 67953
003 - CONTROL NUMBER IDENTIFIER
rucl marc code BD-RjUL
005 - DATE AND TIME OF LATEST TRANSACTION
control field 20211209081721.0
008 - FIXED-LENGTH DATA ELEMENTS--GENERAL INFORMATION
fixed length control field 170329m19671922enk 000 0 eng d
035 ## - SYSTEM CONTROL NUMBER
System control number (BD-RjUL)68162
System control number (OCoLC)1315799
040 ## - CATALOGING SOURCE
Original cataloging agency DLC
Transcribing agency OKentU
Modifying agency BD-RjUL
Language of cataloging eng
041 ## - LANGUAGE CODE
Language code of text/sound track or separate title eng
082 ## - DEWEY DECIMAL CLASSIFICATION NUMBER
Edition number 23
Classification number 615.8512
Author mark and year COS 1967
100 1# - MAIN ENTRY--PERSONAL NAME
Personal name Coué, Emile.
Dates associated with a name 1857-1926.
9 (RLIN) 201428
245 10 - TITLE STATEMENT
Title Self mastery through conscious autosuggestion /
Statement of responsibility, etc. Emile Coué.
260 ## - PUBLICATION, DISTRIBUTION, ETC. (IMPRINT)
Place of publication, distribution, etc. London :
Name of publisher, distributor, etc. George Allen & Unwin,
Date of publication, distribution, etc. 1967.
300 ## - PHYSICAL DESCRIPTION
Pagination 92 p. [4] :
Size 19 cm.
650 #0 - SUBJECT ADDED ENTRY--TOPICAL TERM
Topical term or geographic name as entry element Mental suggestion.
9 (RLIN) 201429
942 ## - ADDED ENTRY ELEMENTS (KOHA)
Source of classification or shelving scheme Dewey Decimal Classification
Koha item type Books
Holdings
Lost status Source of classification or shelving scheme Damaged status Not for loan Collection code Permanent Location Current Location Shelving location Date acquired Source of acquisition Cost, normal purchase price Total Checkouts Full call number Date last seen Copy number Koha item type
  Dewey Decimal Classification   Not For Loan Non-fiction Central Library, University of Rajshahi Central Library, University of Rajshahi Reading Room 26/08/1969 Zeithlinger 7.60   615.8512 COS 1967 29/03/2017 C-1 Books